000 01420nam0a2200325 4500
001 RU\NLR\BIBL_A\012101166
005 20250623210114.0
035 _a(NLR Aleph) 012101166
090 _a11906459
_c11906459
100 _a20190925d1897 |||y0rusy50 ca
101 0 _arus
102 _aRU
105 _ay z 000zy
200 1 _aВедомость № 6 о податях и недоимках крестьян-собственников и сословий, не пользующихся земельных довольствием от казны и не состоящих в круговой поруке, по четырем Сибирским губерниям
210 _a[С.-Петербург
_cб. и.
_d1897]
215 _a3 с.
_d35
309 _aБез тит. л. и обл.
309 _aЧасть текста на одной стороне листа
606 1 _aПодушная подать
_jДокументы и материалы
_yРоссия
_92593408
_3RU\NLR\AUTH\6601742127
606 1 _aНедоимки
_jДокументы и материалы
_yРоссия
_92439163
_3RU\NLR\AUTH\6601669138
686 3 _aУ26(28)141.319.219,011
686 3 _aХ2(2)46-512,011
686 3 _aУ26(28)141.311.3,011
686 3 _aУ32(28)194.3,011
852 _aNLR
_j135/294-320(52)
942 _cBOOK
980 _aNB